00443 2200181 4500001002100000005001500021008004100036020001800077035001900095041000700114082001400121090001600135100001900151245002100170260003200191300001700223650002100240INLIS00000000000521520241224113047241224||||||||| | ||| |||| || |  a979-668-782-8 0010-1224005215 aid0 a741:03:00 a741.3 ZEN K0 aZENI S.NUGROHO00aKISAH POHON ASEM aBandungbPuri Pustakac2007 a24 HLM,;25CM 0abuku cerita anak